Custom tariff schedules of Japan

שמור ב:
מידע ביבליוגרפי
פורמט: ספר
שפה:Undetermined
יצא לאור: Tokyo JETRO 1973
נושאים:
תגים: הוספת תג
אין תגיות, היה/י הראשונ/ה לתייג את הרשומה!
Thư viện lưu trữ: Trung tâm Học liệu Trường Đại học Cần Thơ
LEADER 00377nam a2200145Ia 4500
001 CTU_79469
008 210402s9999 xx 000 0 und d
082 |a 382.7 
082 |b C987 
245 0 |a Custom tariff schedules of Japan 
260 |a Tokyo 
260 |b JETRO 
260 |c 1973 
650 |a Japan,Tariff policy 
980 |a Trung tâm Học liệu Trường Đại học Cần Thơ